000 00908nmm a2200289 a 4500
001 ocm0002146600
003 TR-IsHL
005 20201028183335.0
008 190329s2018 tu tur
007 cr cn
020 _a9786052186756
035 _a2146600
_b(N$T)
050 0 4 _aPL248.Ü635
_bM8 2018
090 0 4 _aPL248.Ü635
_bM8 2018
100 1 _aÜnal, Candan
245 1 0 _aMükemmel kadın olmayın
_h[electronic resource] /
_cCandan Ünal ; editör Lilay Koradan
250 _a1. Baskı
260 _aİstanbul :
_bAZ Kitap,
_c2018
300 _a271 p.
650 4 _aDil ve Edebiyat
650 4 _aLanguage and Literature
650 0 _aTürk denemeleri
650 0 _aTurkish essays
650 7 _aLITERARY COLLECTIONS / Middle Eastern
_2bisacsh
700 1 _aKoradan, Lilay
856 4 0 _uhttp://search.ebscohost.com/login.aspx?direct=true&scope=site&db=e011xww&AN=2146600
999 _c20491
_d20491